La transition demographique : etapes, formes, implications, economique

Αποθηκεύτηκε σε:
Λεπτομέρειες βιβλιογραφικής εγγραφής
Κύριος συγγραφέας: Chesnais, Jean-Claude 1948-
Συγγραφή απο Οργανισμό/Αρχή: Institut national d'etudes demographiques (France)
Μορφή: Βιβλίο
Γλώσσα:French
Δημοσίευση: Paris : Ined, 1986
Θέματα:
Ετικέτες: Προσθήκη ετικέτας
Δεν υπάρχουν, Καταχωρήστε ετικέτα πρώτοι!

MARC

LEADER 00000nam a2200000 i 4500
001 1/3374
008 960321s1986 fre d
020 |a 2-7332-0113-1 
035 |l 10015197 
040 |a GR-MY-UA  |b gre  |e aacr 
041 0 |a fre 
082 0 |a 304.6 
100 1 |a Chesnais, Jean-Claude  |d 1948- 
245 1 3 |a La transition demographique :  |b etapes, formes, implications, economique /  |c Jean-Claude Chesnais ; Institut National d'Etudes Demographiques 
260 |a Paris :   |b Ined,   |c 1986 
300 |a 580 p.  |b maps; tables; fig. 
500 |a Etude de series temporelles (1720-1984) relatives a 67 pays 
504 |a Includes bibliographical references and index 
650 0 0 |a Demographic transition  |x History. 
650 0 0 |a Economic development  |x History. 
710 2 |a Institut national d'etudes demographiques (France) 
852 |a INST  |b LESVOS  |e 19960321  |h 304.6 CHE  |p 005100006310  |q 005100006310  |t BK  |y 0 
909 |a Λ  |b 021798